USSR and Japan economic- technological cooperation

Bewaard in:
Bibliografische gegevens
Formaat: Boek
Taal:Undetermined
Gepubliceerd in: Tokyo Toyo menka kaisha, Ltd. 1973
Onderwerpen:
Tags: Voeg label toe
Geen labels, Wees de eerste die dit record labelt!
Thư viện lưu trữ: Trung tâm Học liệu Trường Đại học Cần Thơ
LEADER 00469nam a2200169Ia 4500
001 CTU_82480
008 210402s9999 xx 000 0 und d
082 |a 338.9 
082 |b U87 
245 0 |a USSR and Japan economic- technological cooperation 
245 0 |c aa 
260 |a Tokyo 
260 |b Toyo menka kaisha, Ltd. 
260 |c 1973 
650 |a Economic developemnt,Industry 
904 |i Truc, QHieu 
980 |a Trung tâm Học liệu Trường Đại học Cần Thơ